000 00968 a2200241 4500
005 20260318111325.0
008 260318b |||||||| |||| 00| 0 eng d
020 _a9789387919099 (hbk)
037 _cTB
040 _aCRL
_cCRL
041 _2hin
_ahin
084 _aO152,6x Q8
_qCRL
100 _aशुक्ल, अष्टभुजा
_9860728
245 _aपानी पर पटकथा:
_bललित निबंध
260 _aदिल्ली, भारत:
_bभारतीय ज्ञानपीठ,
_c2018.
300 _a119पृ.
365 _b240.00
_cINR
490 _3लोकोदय ग्रंथमाला - 1312
650 _aहिन्दी निबंध
650 _aहिन्दी साहित्य
942 _cTB
_2CC
_hO152,6x Q8
999 _c1466705
_d1466705